000 01716 a2200169 4500
003 NUST
005 20221208180451.0
040 _cNust
082 _a297.4,HUJ
100 _aHujwiri, Ali b. Usman Al Jullabi
_9104501
245 _aKashf Al - Mahjub :
_bthe oldest persian tretise on sufiism /
_cAli b. Usman Al Jullabi Hujwiri, Translated by Prof Renold A. Nicholoson
260 _aKarachi
_bDarul Ishaat
300 _a441:p .:
505 _aOn The Affirmation Of Knowledge (Page-11), On Poverty (Page-19), On Sufism (Page-30), On Wearing Patched Frocks (Page-45),On Different Opinions Held Concerning Poverty And Purity (Page-58), On Blame (Page-62), Concerning Their Imams Who Belong To The Companion (Page-70), Concerning Their Imams Who Belonged To The House Of The Prophet (Page-75), Concerning The People Of The Veranda (Page-81), Concerning Their Imams Who Belong To The Followers (Page-83), Concerning Their Imams Who Lived Subsequently To The Followers Down To Our Day (Page-88), Concerning The Principal Sufis Of Recent Times (Page-161), A Brief Account Of Modern Sufis In Different Countries (Page-172), Concerning The Doctrines Held By Different Sects Of Sufis (Page-176), The Uncovering Of First Veil (Page-267), The Uncovering Of Second Veil (Page-278), The Uncovering Of Third Veil (Page-286), The Uncovering Of Fourth Veil (Page-291), The Uncovering Of Fifth Veil (Page-300), The Uncovering Of Six Veil (Page-314), The Uncovering Of Seventh Veil (Page-320), The Uncovering Of Eighth Veil (Page-326), The Uncovering Of Ninth Veil (Page-334), The Uncovering Of Tenth Veil (Page-367), The Uncovering Of Eleventh Veil (Page-393).
650 _aKashf Al - Mahjub
_9104502
942 _2ddc
_cBK
_k297.4,HUJ
999 _c185047
_d185047